The Online Advertising Tax : a digital policy innovation /

"Google and Facebook currently control close to two-thirds of global advertising revenue. While dominating the online advertising market, these two companies have thus far avoided paying adequate taxes. This CAMRI policy brief presents a new policy innovation, the online advertising tax. Consid...

Full description

Bibliographic Details
Corporate Author: JSTOR (Organization)
Format: eBook
Language:English
Language Notes:English.
Published: University of Westminster Press, 2018.
Series:CAMRI policy briefs ; 1.
Subjects:
Online Access:Connect to the full text of this electronic book

MARC

Tag First Indicator Second Indicator Subfields
LEADER 00000cam a2200000 4500
001 in00004635295
006 m o d
007 cr un|||||||||
008 180709s2018 enk o 000 u eng d
005 20230103223430.5
035 |a (OCoLC)on1051777600 
040 |a OAPEN  |b eng  |e pn  |c OAPEN  |d JSTOR  |d OCLCQ  |d OCLCF  |d OCLCO  |d ICN  |d LOA  |d U3W  |d SOI  |d OCLCQ  |d ERL  |d TXR  |d UKMGB  |d OCLCO  |d SFB  |d OCLCQ  |d FWA  |d OCLCO  |d OCLCQ 
015 |a GBC0E5505  |2 bnb 
016 7 |a 019437731  |2 Uk 
019 |a 1147260489  |a 1296816227  |a 1296891646  |a 1297346421  |a 1297816307 
020 |a 9781911534860  |q (electronic bk.) 
020 |a 1911534866  |q (electronic bk.) 
020 |a 9781911534877  |q (electronic bk.) 
020 |a 1911534874  |q (electronic bk.) 
020 |a 9781911534884  |q (electronic bk.) 
020 |a 1911534882  |q (electronic bk.) 
024 7 |a 10.16997/book24  |2 doi 
035 |a (OCoLC)1051777600  |z (OCoLC)1147260489  |z (OCoLC)1296816227  |z (OCoLC)1296891646  |z (OCoLC)1297346421  |z (OCoLC)1297816307 
037 |a 22573/ctv5w9p6d  |b JSTOR 
050 4 |a HJ5709  |b .F83 2018eb 
072 7 |a JFD  |2 bicssc 
072 7 |a JFM  |2 bicssc 
072 7 |a KNT  |2 bicssc 
072 7 |a KNTX  |2 bicssc 
072 7 |a LN  |2 bicssc 
072 7 |a UBJ  |2 bicssc 
082 0 4 |a 336.2/78  |2 23 
049 |a TXAM 
245 0 4 |a The Online Advertising Tax :  |b a digital policy innovation /  |c Christian Fuchs. 
260 |b University of Westminster Press,  |c 2018. 
300 |a 1 online resource (33 pages) 
336 |a text  |b txt  |2 rdacontent 
337 |a computer  |b c  |2 rdamedia 
338 |a online resource  |b cr  |2 rdacarrier 
347 |a data file 
490 1 |a CAMRI policy briefs,  |x 2516-5712 ;  |v 1 
520 |a "Google and Facebook currently control close to two-thirds of global advertising revenue. While dominating the online advertising market, these two companies have thus far avoided paying adequate taxes. This CAMRI policy brief presents a new policy innovation, the online advertising tax. Considering the key role of user activity and user data for the value of Google and Facebook's services, it explains how digital advertising companies' revenues could be taxed based on the respective country in which targeted users are located. The author reviews existing policy arguments and policy options and sets out practical steps to ensure that tax avoidance by online advertising companies is mitigated. Furthermore, he illustrates how tax revenues could be used to support public service internet platforms." 
546 |a English. 
650 0 |a Internet marketing  |x Taxation. 
650 6 |a Marketing sur Internet  |x Impôts. 
650 7 |a Media studies.  |2 bicssc 
650 7 |a Ethical issues & debates.  |2 bicssc 
650 7 |a Media, information & communication industries.  |2 bicssc 
650 7 |a Information technology industries.  |2 bicssc 
650 7 |a Laws of Specific jurisdictions.  |2 bicssc 
650 7 |a Ethical & social aspects of IT.  |2 bicssc 
650 7 |a Internet marketing  |x Taxation.  |2 fast  |0 (OCoLC)fst01425665 
653 |a Google 
653 |a Facebook 
653 |a Online advertising 
653 |a Tax 
653 |a Media industries 
653 |a Public service internet 
655 7 |a Electronic books.  |2 local 
710 2 |a JSTOR (Organization) 
776 0 |z 1911534858 
776 0 |z 1911534866 
830 0 |a CAMRI policy briefs ;  |v 1.  |x 2516-5712 
856 4 0 |u https://www.jstor.org/stable/10.2307/j.ctv5vddvv  |z Connect to the full text of this electronic book  |t 0 
936 |a BATCHLOAD 
955 |a JSTOR Open Access ebooks 
994 |a 92  |b TXA 
999 f f |s e520aef5-571f-44d5-8983-58450c9df86c  |i 6166fc84-a59f-4780-943c-465f34d59914  |t 0 
952 f f |a Texas A&M University  |b College Station  |c Electronic Resources  |d Available Online  |t 0  |e HJ5709 .F83 2018eb  |h Library of Congress classification 
998 f f |a HJ5709 .F83 2018eb  |t 0  |l Available Online